Bản sắc văn hóa và việc bảo tồn và phát huy các giá trị văn hóa của tộc người Mã Liềng ở nước ta hiện nay

Quá trình hình thành phát triển và đặc điểm dân cư của người Mã Liềng. Bản sắc văn hóa dân tộc người Mã Liềng. các giải pháp bảo tồn và phát huy các giá trị văn hóa của tộc người Mã Liềng ở nước ta hiện nay

Đã lưu trong:
Bibliografiske detaljer
Hovedforfatter: Phan, Thị Thành
Andre forfattere: Trần, Hồng Lưu TS (Hướng dẫn)
Format: Bog
Sprog:Vietnamese
Udgivet: Đại học Đà Nẵng Trường đại học Sư Phạm 2011
Serier:Luận văn tốt nghiệp đại học. Chuyên ngành : Giáo dục chính trị
Fag:
Tags: Tilføj Tag
Ingen Tags, Vær først til at tagge denne postø!
Thư viện lưu trữ: Mạng thư viện Đại học Đà Nẵng
LEADER 01700nam a2200349 4500
001 000011740
003 8011
005 20120209140257.0
008 120209s2011 viesd
041 |a vie 
072 |a Khóa luận tốt nghiệp 
082 |a 305.89592  |b PH-T 
100 |a Phan, Thị Thành 
245 |a Bản sắc văn hóa và việc bảo tồn và phát huy các giá trị văn hóa của tộc người Mã Liềng ở nước ta hiện nay  |c Phan, Thị Thành 
260 |a Đại học Đà Nẵng  |b Trường đại học Sư Phạm  |c 2011 
300 |a 71 tr.  |b hình mhọa  |c 29 cm 
490 |a Luận văn tốt nghiệp đại học. Chuyên ngành : Giáo dục chính trị 
500 |a Tham khảo + phụ lục ảnh tr. 67 - 71 
520 |a Quá trình hình thành phát triển và đặc điểm dân cư của người Mã Liềng. Bản sắc văn hóa dân tộc người Mã Liềng. các giải pháp bảo tồn và phát huy các giá trị văn hóa của tộc người Mã Liềng ở nước ta hiện nay 
653 |a Luận văn tốt nghiệp đại học 
653 |a Khoa Giáo dục chính trị 
700 |a Trần, Hồng Lưu  |c TS  |e Hướng dẫn 
OWN |a LSP 
AVA |a UDN50  |b LSP  |d 305.89592 PH-T  |e available  |t Error 5001 Not defined in file expand_doc_bib_avail.  |f 1  |g 0  |h N  |i 0  |k 1 
999 |a From the UDN01 
AVA |a UDN50  |b LSP  |d 305.89592 PH-T  |e available  |t Error 5001 Not defined in file expand_doc_bib_avail.  |f 1  |g 0  |h N  |i 0  |k 1 
TYP |a Monograph 
TYP |a Printed language 
980 |a Mạng thư viện Đại học Đà Nẵng